| 000 | 00478cam a2200145 4500500 | ||
|---|---|---|---|
| 005 | 20251012025846.0 | ||
| 041 | _afre | ||
| 042 | _adc | ||
| 100 | 1 | 0 |
_aSalles, Nathalie _eauthor |
| 245 | 0 | 0 | _aFront matter |
| 260 | _c2025. | ||
| 500 | _a66 | ||
| 786 | 0 | _nRevue de gestion des ressources humaines | 135 | 1 | 2025-04-07 | p. 1-2 | 1163-913X | |
| 856 | 4 | 1 | _uhttps://shs.cairn.info/journal-revue-de-gestion-des-ressources-humaines-2025-1-page-1?lang=en&redirect-ssocas=7080 |
| 999 |
_c1545117 _d1545117 |
||